كتاب الرؤية / (رقم التسجيلة. 26461)
[ عرض عادي ]
| 000 -الفاتح | |
|---|---|
| عناصر البيانات ثابتة الطول | 00904cam a2200193 i 4500 |
| 005 - تاريخ ووقت آخر معاملة | |
| حقل ضبط | 20251110094832.0 |
| 008 - عناصر البيانات ثابتة الطول | |
| عناصر البيانات ثابتة الطول | 250721s1990 jo gr 000 0 ara d |
| 082 14 - رقم تصنيف ديوي العشري | |
| رقم التصنيف | 213 |
| رقم المادة | د ا ر |
| 100 1# - مدخل رئيسي – اسم شخصي | |
| الاسم الشخصي | الدارقطني، أبو الحسن علي بن عمر بن أحمد |
| تواريخ خاصة بالشخص | [ 306 - 385 ] ه، |
| علاقة الشخص بالعمل/ دوره | مؤلف. |
| 245 10 - بيان العنوان | |
| العنوان | كتاب الرؤية / |
| بيان المسؤولية | للامام الحافظ ابي الحسن علي بن عمر الدارقطني؛ قدم له وحققه و علق عليه وخرج أحاديثه ابراهيم محمد العلي ، أحمد فخري الرفاعي. |
| 264 31 - بيانات النشر، التوزيع…إلخ | |
| مكان النشر، التوزيع...إلخ | الزرقاء : |
| اسم الناشر، الموزع...إلخ | مكتبة المنار، |
| تاريخ النشر، التوزيع...إلخ | 1990. |
| 300 ## - الوصف المادي | |
| عدد الوحدات المكونة للوعاء | 413 صفحة. |
| 650 17 - مدخل إضافي بالموضوع - مصطلح موضوعي | |
| مصطلح موضوعي أو اسم جغرافي كعنصر مدخل | الإسلام. |
| 650 17 - مدخل إضافي بالموضوع - مصطلح موضوعي | |
| مصطلح موضوعي أو اسم جغرافي كعنصر مدخل | الحديث النبوي. |
| 700 1# - مدخل إضافي - اسم شخصي | |
| الاسم الشخصي | العلي، إبراهيم محمد |
| علاقة الشخص بالعمل/ دوره | محقق. |
| 700 1# - مدخل إضافي - اسم شخصي | |
| الاسم الشخصي | الرفاعي، أحمد فخري |
| علاقة الشخص بالعمل/ دوره | محقق. |
| 942 ## - بيانات إضافية (كوها) | |
| نوع التنصيف | Dewey Decimal Classification |
| نوع المادة (كوها) | مراجع |
| حالة السحب | حالة الفقدان | مصدر التصنيف | حالة التلف | غير قابل للإعارة | المكتبة الرئيسية | المكتبة الحالية | موقع الرف | تاريخ التزويد | الرقم المتسلسل | Total Checkouts | رقم الإستدعاء | الباركود | تاريخ آخر ظهور | تاريخ الفاتورة | نوع المادة (كوها) |
|---|---|---|---|---|---|---|---|---|---|---|---|---|---|---|---|
| Dewey Decimal Classification | Not For Loan | المكتبة المركزية | المكتبة المركزية | مراجع | 06/07/2004 | 162771 | م / 213 / د ا ر | 162771 | 28/07/2025 | 06/07/2004 | مراجع | ||||
| Dewey Decimal Classification | Not For Loan | مكتبة أم قصير والمقابلين العامة | مكتبة أم قصير والمقابلين العامة | مراجع | 06/07/2004 | 2631 | م/213/دار | DUP-01_2631 | 28/07/2025 | 06/07/2004 | مراجع |